| 000 | 00416nam a2200121Ia 4500 | ||
|---|---|---|---|
| 008 | 230222s9999||||xx |||||||||||||| ||und|| | ||
| 040 | _cChuka University Library | ||
| 050 |
_aTHE PL 81 _bK56 2016 |
||
| 100 |
_aKinyua,Ann Hildah Gatakaa _95570 |
||
| 245 | 2 | _aA morphosyntactic investigation into the system of verbal affixation in Kimwimbi,a Kenyan bantu language | |
| 260 |
_aCU _bChuka University _c2016 |
||
| 942 | _cBK | ||
| 999 |
_c10016 _d10016 |
||